书目信息 |
| 题名: |
广播电视广告艺术
|
|
| 作者: | 廖秉宜 编著 | |
| 分册: | ||
| 出版信息: | 上海 上海外语教育出版社 2006.10 |
|
| 页数: | 296页 | |
| 开本: | 21cm | |
| 丛书名: | 广播电视艺术系列教材 | |
| 单 册: | ||
| 中图分类: | F713.8 | |
| 科图分类: | ||
| 主题词: | 广播电视--guang bo dian shi--广告学--教材 | |
| 电子资源: | ||
| ISBN: | 7-5446-0029-7 | |
| 000 | 00900nam 2200241 450 | |
| 001 | 012007751564 | |
| 005 | 20070622155904.68 | |
| 010 | @a7-5446-0029-7@dCNY16.00 | |
| 100 | @a20070416d2006 km y0chiy0120 ea | |
| 101 | 0 | @achi |
| 102 | @aCN@b310000 | |
| 105 | @aa z 000yy | |
| 200 | 1 | @a广播电视广告艺术@Aguang bo dian shi guang gao yi shu@f廖秉宜编著@Fliao bing yi bian zhu |
| 210 | @a上海@c上海外语教育出版社@d2006.10 | |
| 215 | @a296页@c图@d21cm | |
| 225 | 2 | @a广播电视艺术系列教材@Aguang bo dian shi yi shu xi lie jiao cai |
| 330 | @a本书系列选取了不同类别的广告作品,一一作了评析,供电影、电视传媒专业学生使用。本书介绍了广播电视广告的主题与创意、表现元素等内容。 | |
| 410 | 0 | @12001 @a广播电视艺术系列教材 |
| 606 | 0 | @a广播电视@Aguang bo dian shi@x广告学@j教材 |
| 690 | @aF713.8@v4 | |
| 701 | 0 | @a廖秉宜@Aliao bing yi@4编著 |
| 801 | 0 | @aCN@c20070622 |
| 905 | @a10447@dF713.8@eL468 | |
| 广播电视广告艺术/廖秉宜编著.-上海:上海外语教育出版社,2006.10 |
| 296页:图;21cm.-(广播电视艺术系列教材) |
| ISBN 7-5446-0029-7:CNY16.00 |
| 本书系列选取了不同类别的广告作品,一一作了评析,供电影、电视传媒专业学生使用。本书介绍了广播电视广告的主题与创意、表现元素等内容。 |
| ● |
| 相关链接 |
|
|
|
正题名:广播电视广告艺术
索取号:F713.8/L468
 
预约/预借
| 序号 | 登录号 | 条形码 | 馆藏地/架位号 | 状态 | 备注 |
| 1 | 241143 | 202411434 | 社科库409/409社科库 44排5列1层/ [索取号:F713.8/L468] | 在馆 | |
| 2 | 241144 | 202411443 | 社科库409/409社科库 44排5列1层/ [索取号:F713.8/L468] | 在馆 |